Statistics for Duck Bob's General Knowledge #9

Click here to take the quiz!

General Stats

  • This quiz has been taken 8 times
    (7 since last reset)
  • The average score is 6 of 20

Answer Stats

HintAnswer% Correct
Which South American country has two capitals?Bolivia
83%
What is the Celtic region of France called?Brittany
67%
What country's name means "lion city"Singapore
67%
What city does the word tangerine originate from?Tangier
50%
What is the greatest difference in adjacent time zones?24 hours
33%
What ant has the most painful sting?Bullet ant
33%
What is the 5th smallest country?San Marino
33%
How many times do the hour hand and minute hand intersect in a day?22
17%
What is largest pyramid in the Americas?Bass Pro Shop
17%
Name one of the two traversal algorithms of a graphDFS/BFS
17%
What is the airport mega code for all 6 London airports?LON
17%
Which current NBA player is from the same hometown as Dirk Nowitzki?Maxi Kleber
17%
What is the strongest legal drug used to treat ADHD?Methamphetamine
17%
What metric unit represents 0.000000001 of a meter?Nanometer
17%
What is RYB in paint, CMY in printers, and RGB in computers?Primary colors
17%
What are protons and neutrons made of?Quarks
17%
What soccer team has the most UCLs?Real Madrid
17%
What company created Clash of Clans?Supercell
17%
What was the only disease that originated from the Americas?Syphilis
17%
What company made the most revenue in 2023?WalMart
17%

Score Distribution

Percentile by Number Answered

Percent of People with Each Score

Your Score History

You have not taken this quiz since the last reset